UM Logo

Introduction to early childhood education : (Record no. 7136)

MARC details
000 -LEADER
fixed length control field 00774nam a2200205 4500
008 - FIXED-LENGTH DATA ELEMENTS--GENERAL INFORMATION
fixed length control field 170803b xxu||||| |||| 00| 0 eng d
020 ## - INTERNATIONAL STANDARD BOOK NUMBER
International Standard Book Number 0-205-15432-8
082 ## - DEWEY DECIMAL CLASSIFICATION NUMBER
Edition number 1995
Classification number DC 372.21073
Item number B72
100 ## - MAIN ENTRY--PERSONAL NAME
9 (RLIN) 21560
Personal name Brewer, Jo Ann
245 ## - TITLE STATEMENT
Title Introduction to early childhood education :
Remainder of title preschool through primary grades /
Statement of responsibility, etc. Jo Ann Brewer
250 ## - EDITION STATEMENT
Edition statement Second Edition
260 ## - PUBLICATION, DISTRIBUTION, ETC. (IMPRINT)
Place of publication, distribution, etc. Boston :
Name of publisher, distributor, etc. Allyn and Bacon,
Date of publication, distribution, etc. c1995.
300 ## - PHYSICAL DESCRIPTION
Extent xxi, 522 pages :
Other physical details ill. (some col.) ;
Dimensions 24 cm
500 ## - GENERAL NOTE
General note Includes bibliographical references and index.
650 #0 - SUBJECT ADDED ENTRY--TOPICAL TERM
9 (RLIN) 21561
Topical term or geographic name as entry element Early childhood education -- United States
650 #0 - SUBJECT ADDED ENTRY--TOPICAL TERM
9 (RLIN) 21562
Topical term or geographic name as entry element Early childhood education -- History
650 #0 - SUBJECT ADDED ENTRY--TOPICAL TERM
9 (RLIN) 21563
Topical term or geographic name as entry element Child development -- United States
365 ## - TRADE PRICE
Price amount 2,598.00
Currency code Php
942 ## - ADDED ENTRY ELEMENTS (KOHA)
Source of classification or shelving scheme Dewey Decimal Classification
Koha item type Circulation
Holdings
Withdrawn status Lost status Source of classification or shelving scheme Damaged status Not for loan Collection code Home library Current library Date acquired Source of acquisition Cost, normal purchase price Total Checkouts Full call number Barcode Date last seen Copy number Price effective from Koha item type
    Dewey Decimal Classification     Circulation UM Digos College - LIC UM Digos College - LIC   Purchased 2598.00   DC 372.21073 B72 1995 14141 05/15/2025 1 08/03/2017 Circulation